Sports Quiz

Random Sports or NHL Quiz

NHL Mumps Outbreak Quiz Stats

 Plays Quiz not verified by Sporcle

Score 0/15 Timer 05:00
0 Plays Today
NHL Player with Mumps Answer % Correct
Diagnosed Dec. 13Sidney Crosby
85.2%
Teammate Corey Perry
81.5%
Patient ZeroFrancois Beauchemin
55.6%
Hosted St. Louis Blues Nov. 3Derick Brassard
48.1%
Played Ducks Oct. 17Ryan Suter
48.1%
Played Ducks Oct. 17Marco Scandella
33.3%
Played Ducks Oct. 17Jonas Brodin
29.6%
Teammate Clayton Stoner
25.9%
NHL Player with Mumps Answer % Correct
Played Ducks Oct. 17Keith Ballard
25.9%
Teammate Emerson Etem
22.2%
Hosted St. Louis Blues Nov. 3 Tanner Glass
18.5%
Played Blues 2x in early Nov, Wild on Nov. 11Adam Larsson
18.5%
Played Ducks Oct. 17Christian Folin
14.8%
Played Blues 2x in early Nov, Wild on Nov. 11 Travis Zajac
14.8%
Teammate Christian Folin
14.8%

You're not logged in!

Compare scores with friends on all Sporcle quizzes.
OR
Log In

Sporcle TV

Today on Sporcle TV


Watch our educational content, quiz creation guides, and fun videos on Sporcle TV.

Show Comments

Extras

Created Dec 15, 2014ReportNominate
Tags:NHL Quiz, outbreak, player, team

Top Quizzes Today


Score Distribution

Your Account Isn't Verified!

In order to create a playlist on Sporcle, you need to verify the email address you used during registration. Go to your Sporcle Settings to finish the process.

Report this User

Report this user for behavior that violates our Community Guidelines.

Details: